| 000 | 01927cam a22004694i 4500 | ||
|---|---|---|---|
| 003 | PE-LiUPU | ||
| 005 | 20250731173428.0 | ||
| 008 | 150706s1998 mx r 000 0 spa d | ||
| 035 | _a(Sirsi) a52118 | ||
| 040 |
_aPE-LiUPU _bspa _cPE-LiUPU _erda |
||
| 049 | _aPRUA | ||
| 082 | 0 | 4 |
_a234.165 _bP83 _221 |
| 100 | 1 |
_aPoyato, D.G. _q[David], _eautor. |
|
| 245 | 1 | 0 |
_aMatrimonio a su elección / _cD.G. y Poyato. |
| 264 | 1 |
_aMéxico : _bAlfalit, _c1998. |
|
| 300 |
_a167 páginas ; _c21 centímetros |
||
| 336 |
_atext _2rdacontent |
||
| 337 |
_aunmediated _2rdamedia |
||
| 338 |
_avolume _2rdacarrier |
||
| 505 | 0 | _aQué es lo que se llama amor -- Matrimonio a su elección ¿Dichoso o frustrado? -- Cómo evitar que se marchite su matrimonio -- Los incompatibles pueden triunfar -- La neurosis - amiga o enemiga del matrimonio feliz -- La familia, sus dilemas y sus soluciones -- El decálogo de una esposa ideal -- Los diez conceptos para llegar a ser un esposo ideal -- El arte de detener el divorcio -- Por siempre felices a pesar de la crisis. | |
| 526 | _aSEG42 | ||
| 526 | _aSEG41 | ||
| 526 | _aSEG40 | ||
| 526 | _aSEG39 | ||
| 526 | _aP94 | ||
| 526 | _aP87 | ||
| 526 | _aP86 | ||
| 526 | _aP85 | ||
| 526 | _aP77 | ||
| 526 | _aP76 | ||
| 526 | _aP35 | ||
| 650 | 0 | 4 | _aAmor. |
| 650 | 0 | 4 |
_aMatrimonio. _92383 |
| 650 | 0 | 4 |
_aRelaciones de pareja. _92308 |
| 910 |
_agl _cbd _d20130506 |
||
| 942 |
_2ddc _cBOOK |
||
| 949 |
_a234.165 P83 _wDEWEY _c1 _i66559 _lCCODEBUL1 _mBUL _p11.00 _r0 _sY _tLIBRO _u2015-07-06 _xBIBLIOTECA _zUNKNOWN _o.STAFF. Colección General |
||
| 994 |
_aC0 _bPEPRU |
||
| 596 | _a1 | ||
| 999 |
_a234.165 P83 _wDEWEY _c54715 _i66559 _d54715 _e2016-10-30 _f2021-11-10 _g5 _lCCODEBUL1 _mBUL _n3 _p11.00 _r0 _sY _tBOOK _u2015-7-6 _xTEOLOGIA _zUNKNOWN _0COMPRA _o.STAFF. Colección Teología |
||
| 980 |
_81 _gALBERTO SANCHEZ Responsable de Automatización |
||